000 00606nam a22001937a 4500
999 _c170251
_d170251
005 20191212150856.0
010 _aA-374667
020 _c12.00
035 _aA-374667
037 _bBPPD/Pub.
082 _a320.954
100 _aمحبوب اشرف
245 _aقدیم ہیندستان کی سکولر روایات /
_cمحبوب اشرف
246 _aKadeem Hindustan ki Scholar Riwayat (Urdu) /
_bby Mehboob Ashraf
260 _aNew Delhi
_bNayi Awaz
_c1988 ء
270 _aJamia Nagar
_bNew Delhi
_e110025
300 _a88p.
_c20cm(Hb)
942 _2ddc
_cUR
_h320.954
_mم ح ب